Oral history theory

Αποθηκεύτηκε σε:
Λεπτομέρειες βιβλιογραφικής εγγραφής
Κύριος συγγραφέας: Abrams, Lynn
Μορφή: Βιβλίο
Γλώσσα:English
Δημοσίευση: London : Routledge, 2010.
Θέματα:
Διαθέσιμο Online:https://ebookcentral.proquest.com/lib/aegeangr/detail.action?docID=547347&query=oral+history+theory
Ετικέτες: Προσθήκη ετικέτας
Δεν υπάρχουν, Καταχωρήστε ετικέτα πρώτοι!

MARC

LEADER 00000cam a2200000 a 4500
001 1/122829
008 210326s2010####uk |||||||||||||| ||eng||
020 |a 9780203849033  |q (e-book)  
040 |a GR-MyUa  |b gre  |c GR-MyUa  |e AACR2 
041 0 |a eng 
082 7 |a 901  |2 (23) 
100 1 |a Abrams, Lynn. 
245 1 0 |a Oral history theory   |h [ηλεκτρονικό βιβλίο] /   |c Lynn Abrams.  
260 |a London :   |b Routledge,   |c 2010.  
300 |a 1 ηλεκτρονική πηγή.  
506 1 |a Διάθεση πλήρους κειμένου περιορισμένης πρόσβασης (μόνο από μέλη του Παν. Αιγαίου).  
506 1 |a Η απομακρυσμένη πρόσβαση είναι εφικτή μέσω VPN.  
588 |a Η καταλογογράφηση βασίστηκε στη σελίδα τίτλου του ηλεκτρονικού τεκμηρίου.  
650 0 |a Oral history   |x Philosophy. 
856 |u https://ebookcentral.proquest.com/lib/aegeangr/detail.action?docID=547347&query=oral+history+theory 
970 |a Καμάτσου  |b Δέσποινα  |z 26-03-2021